Aditívna výroba kovových súčiastok

Gespeichert in:
Bibliographische Detailangaben
1. Verfasser: Hrubša, Frederik (Verfasst von)
Weitere Verfasser: Macháč, Tomáš (Betreuung Doktorarbeit)
Format: Manuskript Buch
Sprache:Slowakisch
Veröffentlicht: 2023
Schlagworte:
Online-Zugang:http://is.stuba.sk/zp/portal_zp.pl?podrobnosti=164001
Tags: Tag hinzufügen
Keine Tags, Fügen Sie das erste Tag hinzu!

MARC

LEADER 00000ntm a22000003a 4500
001 stuzp93346
003 SK-STU
005 20230909214727.4
007 ta
008 150427s2015----xo-----f-mn---000-0-slo-d
040 |a STU  |b slo 
041 0 |a slo 
100 1 |a Hrubša, Frederik  |u 063000  |4 aut  |U MTF Materiálovotechnologická fakulta  |T MTF Ústav výrobných technológií  |X 111821  |U M3000  |Y 83  |7 111821 
242 0 1 |a Additive manufacturing of metal parts  |y eng 
245 1 0 |a Aditívna výroba kovových súčiastok 
260 |c 2023 
650 4 |a kovy  |2 slo 
650 4 |a simulácia výrobného procesu  |2 slo 
650 4 |a Fusion 360  |2 slo 
650 4 |a aditívna výroba  |2 slo 
650 4 |a additive manufacturing  |2 eng 
650 4 |a metals  |2 eng 
650 4 |a manufacturing process simulation  |2 eng 
650 4 |a Fusion 360  |2 eng 
700 1 |a Macháč, Tomáš  |u 063000  |k Z3  |4 ths  |U MTF Materiálovotechnologická fakulta  |T MTF Ústav výrobných technológií  |X 80465  |U M3000  |Y 83  |7 80465 
856 4 |u http://is.stuba.sk/zp/portal_zp.pl?podrobnosti=164001 
996 |c M* BP-9580  |l MMSKP  |s P  |a 0  |w stuzp93346_0001